| 000 | 00659nam a22002177a 4500 | ||
|---|---|---|---|
| 005 | 20170124105911.0 | ||
| 010 | _aA-445936 | ||
| 020 | _c00.00 | ||
| 035 | _aA-445936 | ||
| 037 | _bCen Lib / Ret | ||
| 040 |
_aDPL _bEN |
||
| 082 |
_a001.6403 _bMAU |
||
| 100 |
_aMaurya, Neeraj _9106704 |
||
| 245 |
_aIllustrated computer dictionary / _cby Neeraj Maurya |
||
| 260 |
_a Delhi _bSKW Enterprises _c1990 |
||
| 270 |
_aE-11/A, East of Kailash _bNew Delhi _e110065 |
||
| 300 |
_a281p. : _c19cm (Hb) _bill. |
||
| 650 |
_aComputer science -- Dictionaries _972371 |
||
| 650 |
_aComputer terminology _972372 |
||
| 942 |
_2ddc _cEN _h001.6403 _mMAU |
||
| 999 |
_c122501 _d122501 |
||